Who's the Actor? #2 - Statistics

General Stats
  • This quiz has been taken 52 times
  • The average score is 14 of 30
Answer Stats
Hint Answer % Correct
Forrest Gump - Toy Story - Catch Me If You Can Tom Hanks
100%
The Legend Of Tarzan - Suicide Squad - Barbie Margot Robbie
82%
Meet The Parents - Tropic Thunder - Night At The Museum Ben Stiller
79%
Just Friends - Green Lantern - Free Guy Ryan Reynolds
79%
I, Robot - Shark Tale - Hancock Will Smith
79%
Big Daddy - Pixels - Murder Mystery Adam Sandler
75%
The Fast And The Furious - Bloodshot - The Last Witch Hunter Vin Diesel
75%
Over The Hedge - Die Hard - Hostage Bruce Willis
71%
Kill Bill - The Accidental Husband - My Super Ex-Girlfriend Uma Thurman
68%
Gulliver's Travels - School Of Rock - Kung Fu Panda Jack Black
57%
Robin Hood - Kingsman: The Secret Service - Eddie The Eagle Taron Egerton
46%
The Parent Trap - Freaky Friday - Mean Girls Lindsay Lohan
43%
Face/Off - Gone In Sixty Seconds - National Treasure Nicolas Cage
43%
Clash Of The Titans - Avatar - Man On A Ledge Sam Worthington
43%
Star Trek - Dungeons & Dragons: Honour Among Thieves - This Means War Chris Pine
39%
Cars - No Escape - Drillbit Taylor Owen Wilson
39%
Three Kings - Batman & Robin - Gravity George Clooney
36%
X-Men - The Da Vinci Code - Flushed Away Ian McKellen
36%
Trainwreck - Snatched - I Feel Pretty Amy Schumer
32%
Saving Mr Banks - Bridget Jones's Baby - Cruella Emma Thompson
32%
Miami Vice - Horrible Bosses - The Amazing Spider-Man 2 Jamie Foxx
32%
Non-Stop - Cold Pursuit - A Walk Among The Tombstones Liam Neeson
32%
The Notebook - Doctor Strange - Game Night Rachel McAdams
32%
Failure To Launch - Sex And The City - I Don't Know How She Does It Sarah Jessica Parker
32%
Push - What's Your Number? - The Gray Man Chris Evans
29%
Dead Man Down - Total Recall - Fright Night Colin Farrell
29%
Begin Again - Thanks For Sharing - Now You See Me Mark Ruffalo
29%
The Heat - Ocean's 8 - The Lost City Sandra Bullock
29%
Underwater - Charlie's Angels - Adventureland Kristen Stewart
25%
Forgetting Sarah Marshall - I Love You, Man - The Five-Year Engagement Jason Segel
21%
No matching quizzes found
Score Distribution
Percent of People with Each Score
Percentile by Number Answered
Your Score History
You have not taken this quiz